Statistiques concernant Podiums de la Coupe du monde de Biathlon

Cliquez ici pour prendre le quiz!

Statistiques générales

  • Ce quiz a été pris 282 fois
    (265 depuis la dernière actualisation)
  • Le résultat moyen est 9 sur 55

Statistiques - réponses

Fois sur le podiumVictoiresPays% Correct
97Martin Fourcade
100%
84Johannes Thingnes Bø
99%
11Tarjei Bø
98%
41Quentin Fillon Maillet
93%
10Vetle Sjåstad Christiansen
61%
136Ole Einar Bjørndalen
59%
30Sturla Holm Lægreid
56%
74Raphaël Poirée
55%
10Sebastian Samuelsson
55%
71Emil Hegle Svendsen
43%
40Anton Shipulin
35%
10Aleksandr Loginov
29%
82Sven Fischer
22%
21Fritz Fischer
21%
10Jakov Fak
17%
11Michael Greis
11%
64Frank Ullrich
8%
30Ricco Gross
6%
10Dominik Landertinger
5%
11Patrice Bailly-Salins
5%
10Andreas Birnbacher
3%
10Tomasz Sikora
3%
10Christoph Sumann
2%
10Ivan Tcherezov
2%
51Eirik Kvalfoss
1%
20Frank Luck
1%
22Jon Åge Tyldum
1%
31Klaus Siebert
1%
32Sergei Tchepikov
1%
10Vladimir Dratchev
1%
21Vladimir Dratchev
1%
10Alexandre Popov
0%
10Anatoli Aliabiev
0%
10Andreas Zingerle
0%
11André Sehmisch
0%
10Dmitri Yarochenko
0%
20Eberhard Rösch
0%
33Frank-Peter Roetsch
0%
10Frode Andresen
0%
10Iouri Kachkarov
0%
10Jan Matouš
0%
10Johann Passler
0%
20Kjell Søbak
0%
20Mark Kirchner
0%
20Matthias Jacob
0%
21Mikael Löfgren
0%
10Patrick Favre
0%
10Pavel Rostovtsev
0%
41Peter Angerer
0%
10Pieralberto Carrara
0%
10Sylfest Glimsdal
0%
10Valeri Medvedtsev
0%
20Viktor Maïgourov
0%
10Vladimir Barnachov
0%
10Wilfried Pallhuber
0%

Distribution des résultats

Percentile par nombre de réponses

% des personnes avec chaque résultat

Votre développement - résultats

Vous n’avez pas pris ce quiz depuis la dernière actualisation